ბათუმის შოთა რუსთაველის სახელმწიფო უნივერსიტეტის ბიბლიოთეკა

Atlas of pelvic anatomy and gynecologic surgery / (ბიბ.ჩანაწერი № 63289)

000 -LEADER
fixed length control field 01489nam a22002297a 4500
005 - DATE AND TIME OF LATEST TRANSACTION
control field 20250728131240.0
008 - FIXED-LENGTH DATA ELEMENTS--GENERAL INFORMATION
fixed length control field 250728s2021 en ||||| |||| 00| 0 eng d
020 ## - INTERNATIONAL STANDARD BOOK NUMBER
International Standard Book Number 9780323654005 X
041 ## - LANGUAGE CODE
Language code of text/sound track or separate title eng
080 ## - UNIVERSAL DECIMAL CLASSIFICATION NUMBER
Universal Decimal Classification number 618(059)+616 B-15
100 ## - MAIN ENTRY--PERSONAL NAME
Personal name Baggish, Michael S.
Dates associated with a name [Author]
9 (RLIN) 25687
245 ## - TITLE STATEMENT
Title Atlas of pelvic anatomy and gynecologic surgery /
Statement of responsibility, etc. Authors:Michael S. Baggish, Mickey M. Karram
250 ## - EDITION STATEMENT
Edition statement Fifth edition
264 ## - PRODUCTION, PUBLICATION, DISTRIBUTION, MANUFACTURE, AND COPYRIGHT NOTICE
Place of production, publication, distribution, manufacture Philadelphia :
Name of producer, publisher, distributor, manufacturer Elsevier,
Date of production, publication, distribution, manufacture, or copyright notice 2021.
300 ## - PHYSICAL DESCRIPTION
Extent 1439 p:.
Other physical details ill;
Dimensions 32 cm.
653 ## - INDEX TERM--UNCONTROLLED
keyword Atlas of pelvic anatomy and gynecologic surgery
653 ## - INDEX TERM--UNCONTROLLED
keyword Combining detailed descriptions of pelvic anatomy with easy-to-follow instructions for gynecologic procedures, Atlas of Pelvic Anatomy and Gynecologic Surgery, 5th Edition, is a comprehensive, up-to-date atlas that reflects current practices in this fast-changing field. Pelvic anatomy and surgical operations are depicted through full-color anatomic drawings, correlative surgical artwork with step-by-step photographs, and computer-assisted hybrid photo illustrations. Complete coverage of both conventional and endoscopic surgeries helps you master the full spectrum of surgical procedures"--Publisher's description
653 ## - INDEX TERM--UNCONTROLLED
keyword მენჯის ანატომიისა და გინეკოლოგიური ქირურგიის ატლასი
653 ## - INDEX TERM--UNCONTROLLED
keyword მედიცინა
700 ## - ADDED ENTRY--PERSONAL NAME
Personal name Karram, Mickey M.
9 (RLIN) 8639
942 ## - ADDED ENTRY ELEMENTS (KOHA)
Source of classification or shelving scheme
Koha item type წიგნი
ეგზემპლარები
Withdrawn status Lost status Source of classification or shelving scheme Damaged status Not for loan Permanent Location Current Location Shelving location Date acquired Cost, normal purchase price Full call number Barcode Date last seen Copy number Price effective from Koha item type Public note
          ბათუმის შოთა რუსთაველის სახელმწიფო უნივერსიტეტის მთავარი ბიბლიოთეკა ბათუმის შოთა რუსთაველის სახელმწიფო უნივერსიტეტის მთავარი ბიბლიოთეკა წიგნსაცავი 2025-07-28 639.00 618(059)+616 B-15 72180 2025-07-28 72180 2025-07-28 წიგნი 639.00